| 000 | 00421cam a2200157 a 4500 | ||
|---|---|---|---|
| 020 | _a0834802716 : | ||
| 040 | _cDLC | ||
| 082 | 0 | 0 | _a915 WEA 1993 A102 Or. |
| 100 | 1 | _aDunfield, David M. | |
| 245 | 1 | 0 |
_aExploring Osaka : _bJapan's second city / |
| 250 | _a1st ed. | ||
| 260 |
_aNew York : _bWeatherhill, _c1993. |
||
| 300 |
_aix, 162 p. : _bill. (some col.), maps ; _c19 cm. |
||
| 500 | _aIncludes index. | ||
| 942 | _cEK | ||
| 999 |
_c13811 _d13811 |
||